000 00277nam a2200121 i 4500
001 bg
245 0 _aVycislitel'naja i prikladnaja matematika. Vyp.31.
260 _aKiew,
_c1977.
040 _cBPK
041 _apol
942 _cKS
008 s pl f |000 0 pol
999 _c17442
_d17442